Kitāb Adab al-mulūk fī bayān ḥaqāʾiq at-taṣauwuf
| Subtitles: | Adab al-mulūk Adab al-mulūk fī bayān ḥaqāʾiq at-taṣauwuf |
|---|---|
| Corporate Author: | |
| Contributors: | ; |
| Format: | Print Book |
| Language: | German |
| Subito Delivery Service: | Order now. |
| Check availability: | HBZ Gateway |
| WorldCat: | WorldCat |
| Interlibrary Loan: | Interlibrary Loan for the Fachinformationsdienste (Specialized Information Services in Germany) |
| Published: |
Stuttgart
Steiner
1991
|
| In: |
Beiruter Texte und Studien (37)
Year: 1991 |
| Series/Journal: | Beiruter Texte und Studien
37 |
| Standardized Subjects / Keyword chains: | B
Sufism
/ History 900-1000
|
| Further subjects: | B
Spring
|
MARC
| LEADER | 00000cam a2200000 c 4500 | ||
|---|---|---|---|
| 001 | 1606083015 | ||
| 003 | DE-627 | ||
| 005 | 20240508212752.0 | ||
| 007 | tu | ||
| 008 | 920507s1991 xx ||||| 00| ||ger c | ||
| 015 | |a 91,N19,0027 |2 dnb | ||
| 016 | 7 | |a 910442355 |2 DE-101 | |
| 020 | |a 3515050795 |9 3-515-05079-5 | ||
| 035 | |a (DE-627)1606083015 | ||
| 035 | |a (DE-576)028234286 | ||
| 035 | |a (DE-599)DNB910442355 | ||
| 035 | |a (OCoLC)311470704 | ||
| 040 | |a DE-627 |b ger |c DE-627 |e rakwb | ||
| 041 | |a ger | ||
| 084 | |a 0 |2 ssgn | ||
| 084 | |a BM 2800 |2 rvk |0 (DE-625)rvk/12545: | ||
| 245 | 0 | 0 | |a Kitāb Adab al-mulūk fī bayān ḥaqāʾiq at-taṣauwuf |c [Orient-Institut der Deutschen Morgenländischen Gesellschaft Beirut/Libanon. ʿAli b. Ğaʿfar b. Dāwūd as-Sīrawānī aṣ-Ṣaġīr]. Bi-ʾhtimām Bīrnd Rātkih |
| 246 | 1 | |i Ansetzungssachtitel |a Adab al-mulūk fī bayān ḥaqāʾiq at-taṣauwuf | |
| 246 | 3 | 3 | |a Adab al-mulūk |
| 264 | 1 | |a Stuttgart |b Steiner |c 1991 | |
| 300 | |a X, 34, 145 S. | ||
| 336 | |a Text |b txt |2 rdacontent | ||
| 337 | |a ohne Hilfsmittel zu benutzen |b n |2 rdamedia | ||
| 338 | |a Band |b nc |2 rdacarrier | ||
| 490 | 1 | |a Beiruter Texte und Studien |v 37 | |
| 500 | |a Parallelt.: Adab al-mulūk : ein Handbuch zur islamischen Mystik aus dem 4./10. Jahrhundert | ||
| 583 | 1 | |a Archivierung/Langzeitarchivierung gewährleistet |f PEBW |x XA-DE-BW |2 pdager |5 DE-24 | |
| 583 | 1 | |a Archivierung/Langzeitarchivierung gewährleistet |f SSG |x XA-DE-BW |2 pdager |5 DE-21 | |
| 655 | 7 | |a Quelle |0 (DE-588)4135952-5 |0 (DE-627)105661236 |0 (DE-576)209665084 |2 gnd-content | |
| 689 | 0 | 0 | |d s |0 (DE-588)4058522-0 |0 (DE-627)106146939 |0 (DE-576)209126744 |2 gnd |a Sufismus |
| 689 | 0 | 1 | |q z |2 gnd |a Geschichte 900-1000 |
| 689 | 0 | |5 (DE-627) | |
| 700 | 1 | |0 (DE-588)112646999 |0 (DE-627)691155844 |0 (DE-576)168985152 |4 oth |a Sīrawānī aṣ-Ṣaġīr, ʿAlī Ibn-Ǧaʿfar as- |d 880-1005 | |
| 700 | 1 | |e Hrsg. |0 (DE-588)139824855 |0 (DE-627)613790235 |0 (DE-576)313431787 |4 edt |a Radtke, Bernd |d 1944- | |
| 710 | 2 | |0 (DE-588)1008319-4 |0 (DE-627)103121277 |0 (DE-576)191176850 |4 oth |a Orient-Institut Beirut | |
| 830 | 0 | |a Beiruter Texte und Studien |v 37 |9 37 |w (DE-627)130106933 |w (DE-576)001793403 |w (DE-600)503273-8 |x 0067-4931 |7 am | |
| 935 | |a mteo | ||
| 936 | r | v | |a BM 2800 |b Islamische Mystik des Mittelalters |k Theologie und Religionswissenschaften |k Theologie des geistlichen Lebens |k Quellen zur Theologie des geistlichen Lebens |k Spiritualität des Mittelalters |k Islamische Mystik des Mittelalters |0 (DE-627)1270731238 |0 (DE-625)rvk/12545: |0 (DE-576)200731238 |
| 951 | |a BO | ||
| ELC | |b 1 | ||
| ITA | |a 1 |t 1 | ||
| LOK | |0 000 xxxxxcx a22 zn 4500 | ||
| LOK | |0 001 3117400990 | ||
| LOK | |0 003 DE-627 | ||
| LOK | |0 004 1606083015 | ||
| LOK | |0 005 19980409000000 | ||
| LOK | |0 008 920507||||||||||||||||ger||||||| | ||
| LOK | |0 040 |a DE-21 |c DE-627 |d DE-21 | ||
| LOK | |0 852 |a DE-21 | ||
| LOK | |0 852 1 |c 32 A 3470 |9 00 | ||
| LOK | |0 935 |a vord | ||
| LOK | |0 936ln |a v8.3 | ||
| LOK | |0 939 |a 07-05-92 |b l01 | ||
| LOK | |0 000 xxxxxcx a22 zn 4500 | ||
| LOK | |0 001 3117401075 | ||
| LOK | |0 003 DE-627 | ||
| LOK | |0 004 1606083015 | ||
| LOK | |0 005 20200324091800 | ||
| LOK | |0 008 090420||||||||||||||||ger||||||| | ||
| LOK | |0 040 |a DE-21-42 |c DE-627 |d DE-21-42 | ||
| LOK | |0 541 |e 93 K 118 | ||
| LOK | |0 852 |p 605734087906 | ||
| LOK | |0 852 |a DE-21-42 | ||
| LOK | |0 852 1 |c Fi 366 |m p |9 00 | ||
| LOK | |0 935 |a k042 |a i042 |a orie | ||
| LOK | |0 938 |k p | ||
| LOK | |0 939 |a 20-04-09 |b l01 | ||
| ORI | |a SA-MARC-ixtheoa001.raw | ||
| REL | |a 1 | ||
| STA | 0 | 0 | |a Sufism,Sufism,Sofism,Islam,Islamic mysticism,Mysticism |
| STB | 0 | 0 | |a Soufisme,Soufisme |
| STC | 0 | 0 | |a Sufismo,Sufismo |
| STD | 0 | 0 | |a Sufismo,Sufismo |
| STE | 0 | 0 | |a 苏菲主义,苏菲派 |
| STF | 0 | 0 | |a 蘇菲主義,蘇菲派 |
| STG | 0 | 0 | |a Sufismo,Sufismo |
| STH | 0 | 0 | |a Суфизм (мотив),Суфизм |
| STI | 0 | 0 | |a Σουφισμός (μοτίβο),Σουφισμός |
| SUB | |a REL | ||
| SYG | 0 | 0 | |a Ṣūfismus,Islamische Mystik,Sufik,Taṣauwuf,Taṣawwuf,Sufitum,Tasavvuf,تصوف |
| TIM | |a 100009000101_100010001231 |b Geschichte 900-1000 | ||